000 00880nam a2200253Ia 4500
003 OSt
005 20220923223458.0
006 a|||||r|||| 00| 0
007 ta
008 220922b |||||||| |||| 00| 0 hin d
024 _a217,463
037 _cTextual
040 _aARTS
_cARTS
_bhin
041 _2hin
_ahin
082 _aP:795, 152N8
100 _aटण्डन, पूरनचन्द; सेठी, हरीश कुमार
_9167461
245 0 _aअनुवाद के विविध आयाम
246 _aAnuvād ke vividh āyāma
260 _aदिल्ली
_b तक्षशिला
_c1998
300 _a319पृ.
_ccm.
650 _aहिन्दी भाषा
942 _hP:795, 152N8
_cTEXL
_2CC
999 _c365611
_d365611